| 000 | 00824nam a2200253 a 4500 | ||
|---|---|---|---|
| 001 | 57579 | ||
| 003 | BD-RjUL | ||
| 005 | 20211209080530.0 | ||
| 008 | 161210s1979 ii ||||| |||| 00| 0 eng d | ||
| 035 | _a(BD-RjUL)57703 | ||
| 040 |
_aBD-RjUL _beng _cBD-RjUL |
||
| 041 | _aeng | ||
| 082 |
_223 _a571.2 _bSHD 1979 |
||
| 100 | 1 | 0 |
_a Shivanna, K R _9170966 |
| 245 | 1 | 0 |
_aDevelopment and physiology of angiosperm pollen / _cK R Shivanna, B M Johri and D C Sastri. |
| 260 |
_aNew Delhi : _bToday & Tomorrow's Printers and Publishers, _c1979. |
||
| 300 |
_a117 p. ; _c22 cm. |
||
| 490 | _aAdvances in pollen-spore research, 3 | ||
| 650 |
_aPlants and microorganisms _9170967 |
||
| 700 |
_aJohri, B M _9170968 |
||
| 700 |
_a Sastri, D C _9170969 |
||
| 830 |
_aAdvances in pollen-spore research, 3 _9215268 |
||
| 942 |
_2ddc _cBK |
||
| 999 |
_c57579 _d57579 |
||